Countries With 100 Million People - Sudden Death - Statistics

General Stats
  • This quiz has been taken 167,286 times
  • The average score is 8 of 16
Answers on the Grid
Answers color-coded by a green-red scale on the quiz's grid according to % correct below.
Algeria
Argentina
Bangladesh
Brazil
Canada
China
Colombia
D. R. Congo
Egypt
Ethiopia
France
Germany
India
Indonesia
Iran
Iraq
Italy
Japan
Kenya
Mexico
Morocco
Myanmar
Nigeria
Pakistan
Philippines
Poland
Russia
South Africa
Spain
Sudan
Tanzania
Thailand
Turkey
United Kingdom
United States
Vietnam
 
Answer Stats
Answer % Correct
China
78%
Brazil
73%
India
69%
United States
68%
Bangladesh
65%
Indonesia
58%
Russia
52%
Pakistan
49%
Japan
48%
Nigeria
47%
Mexico
46%
D. R. Congo
45%
Egypt
43%
Ethiopia
41%
Philippines
41%
Vietnam
26%
No matching quizzes found
Score Distribution
Percent of People with Each Score
Percentile by Number Answered
Your Score History
You have not taken this quiz